000
00302nam a2200121Ia 4500
008
231129s1992||||xx |||||||||||||| ||spa||
082
_a
ER- 603
100
_a
Vallejo Restrepo Gonzalo
245
0
_a
Así se creó Risaralda
260
_c
1992
264
_a
Medellín: Lealon 1992
942
_2
ddc
_c
BKS
999
_c
5706
_d
5706